| 000 | 01001nam2a2200229 i 4500 | ||
|---|---|---|---|
| 001 | RU\NLR\BIBL_A\011717567 | ||
| 005 | 20240729025547.0 | ||
| 010 |
_a5982543871 _91000 |
||
| 035 | _a(NLR Aleph) 011717567 | ||
| 090 |
_a11464771 _c11464771 |
||
| 100 | _a20180601d2015 m y0rusy50 ca | ||
| 101 | 0 | _arus | |
| 102 | _aRU | ||
| 105 | _ay z 000zy | ||
| 200 | 1 | _aОпоздавшее Возрождение | |
| 210 | _d2015 | ||
| 215 | _a396 с. | ||
| 461 | 0 |
_1001RU\NLR\BIBL_A\011721764 _12001#$aИстория Предтечиных$eроман-хроника$eв трех книгах$fМихаил Ловин$vКн. 1 _1700#1$aЛовин$bМ. В.$f1975-$gМихаил Валерьевич _911487350 _aЛовин, М. В. (1975-) _cС.-Петербург _d2015 _fМихаил Ловин _nРусский писатель _oроман-хроника : в трех книгах _tИстория Предтечиных _vКн. 1 |
|
| 942 | _cBOOK | ||
| 980 | _aNBR | ||